|
|
|
|
| LEADER |
00000cam a2200000 7i4500 |
| 001 |
0000000895 |
| 005 |
20140405.0 |
| 090 |
0 |
0 |
|a R THE634.9723
|b SHA 1998
|
| 100 |
0 |
0 |
|a SHASHIAH Abdul Karim
|
| 245 |
1 |
0 |
|a Variability in response to nutrition in a three-generation pedigree of populus
|c Shashiah Abdul Karim
|
| 260 |
0 |
0 |
|a Victoria :
|b University of Victoria ,
|c 1998
|
| 300 |
|
|
|a xv, 146 p. ;
|c 28 cm.
|
| 500 |
0 |
0 |
|a Bibliography: [p. 128-140]
|
| 500 |
0 |
0 |
|a Master of Science - University of Victoria, 1998
|
| 650 |
0 |
0 |
|a Poplar
|
| 998 |
|
|
|a JPSM
|
| 999 |
|
|
|a 0000001912
|b Monograph
|c Thesis
|e Default branch
|
| 999 |
|
|
|a 0000001913
|b Monograph
|c Thesis
|e Default branch
|